| 000 | 01196nam a22002177a 4500 | ||
|---|---|---|---|
| 003 | OSt | ||
| 005 | 20260311004503.0 | ||
| 008 | 260311b |||||||| |||| 00| 0 eng d | ||
| 020 | _a0448095342 | ||
| 040 |
_aDWCL GS lib _cOC |
||
| 082 | _aFic. K26h 1975 | ||
| 100 | _aKeene Carolyn | ||
| 245 |
_aThe Hidden Window Mystery _cCarolyn Keene |
||
| 260 |
_aNew York _bCarolyn Keene _c1956 |
||
| 300 |
_aExtent- vii, 179 pages; _billustration _c20cm |
||
| 520 | _aNancy Drew, along with Bess and George, travels to Charlottesville, Virginia, to locate a rare, valuable medieval stained-glass window featuring a knight and a peacock. While navigating a "haunted" estate, they encounter threats, a stolen heirloom, and clues leading to a thief, all while clearing the name of a falsely accused local postman. | ||
| 650 | _aStories series, in which Nancy, along with her friends Bess and George, travels to Charlottesville, Virginia, to solve the mystery of a missing stained-glass window. | ||
| 650 | _ajustice, courage, and intellectual honesty, primarily driven by Nancy's, Bess's, and George's pursuit of a missing medieval stained-glass window. | ||
| 700 | _aCarolyn Keene | ||
| 942 |
_2ddc _cFIC. _n0 |
||
| 999 |
_c8904 _d8904 |
||